000 00770nam a22001815i 4500
001 162054
003 ES-MaACL
005 20230906212422.0
008 980407s1888 sp a c |||| | spa d
040 _aCYL
_bspa
_cCYL
100 0 _aPiccioli, Francesco.
_991820
245 1 0 _aTrabajos de repoblación practicados en Francia
_b: memoria /
_cescrita por Francisco Piccioli ; traducida del italiano por Esteban Nagusía.
260 _aMadrid :
_b[s.n.],
_c1888 (
_fImprenta de Moreno y Rojas)
300 _a222, [6] h. de lám. :
_bil. ;
_c25 cm.
650 4 _aRepoblación forestal-
_zFrancia.
_9150365
700 0 _aNagusia, Esteban.
_984855
852 _aES-MaACL
_jG-9536(4)
_z-- Enc. hol.
_z-- Enc. en un vol. facticio, formando parte de la col. "Varios sobre montes"
999 _c162054
_d162054